Leadership when the heat's on
| Main Author: | |
|---|---|
| Other Authors: | |
| Format: | Book |
| Published: |
New York :
McGraw-Hill ,
2002
|
| Edition: | 2nd |
| Subjects: |
MARC
| LEADER | 00000cam a2200000 7i4500 | ||
|---|---|---|---|
| 001 | 0000011934 | ||
| 005 | 20050509.0 | ||
| 020 | |a 0071400834 | ||
| 040 | |a INS | ||
| 090 | 0 | 0 | |a HD57.7 |b C69 2002 |
| 100 | 1 | |a Cox, Danny | |
| 245 | 1 | 0 | |a Leadership when the heat's on |c Danny Cox |
| 250 | |a 2nd | ||
| 260 | |a New York : |b McGraw-Hill , |c 2002 | ||
| 300 | |a xviii : |b 237p ; |c 23cm. | ||
| 650 | 0 | 0 | |a Leadership |
| 700 | 0 | |a Houver |x John | |
| 999 | |a 0000012903 |b BOOK |c Open Shelf |e Default branch | ||